1396 1854 1340 1233 1952 1078 1681 1796 1871 1535 1044 1971 1003 1421 1389 1190 1595 1652 1820 1083 1893 1158 1836 1653 1236 1088 1950 1019 1421 1188 1894 1596 1422 1424 1133 1013 1670 1598 1127 1212 1440 1645 1360 1341 1103 1592 1908 1486 1434 1573 1418 1593 1759 1594 1442 1249 1106 1270 1558 1247 1142 1659 1025 1380 1055 1027 1539 1562 1811 1183 1962 1134 1327 1533 1017 1547 1619 1209 1350 1104 1542 1879 1752 1379 1596 1815 1997 1625 1353 1209 1940 1530 1962 1203 1328 1718 1439 1952 1037 BCNSPRNW ULIB Ver.6.0+V

เปลี่ยนเป็นภาษาไทย

Change to English
 แสดงรายละเอียดบรรณานุกรม
  กลับหน้าหลัก

Brief Record : Get Marc (ISO 2709) : E-mail record : QR code < ปิดหน้าต่าง
LEADER : 00000nam 2200000uu 4500
001    13399128734
003     ULIB
008    240826s2565||||th 000 0 tha d
020    ^a9786168032183
110 0  ^aสมาคมโรคไตแห่งประเทศไทย
245 00 ^aแนวทางการรักษาผู้ป่วยโรคไตเรื้อรังที่มีความผิดปกติของสมดุลแร่ธาตุ และกระดูก ปี2565/^cสมาคมโรคไตแห่งประเทศไทย
260    ^aกรุงเทพฯ:^bผู้แต่ง,^c2565
650  0 ^aโรคไต
650  0 ^aโรคไต -- การดูแลรักษา
945    ^p200^l0^i30183
945    ^p200^l0^i30184
999    ^aกัณชพร จุลอักษร
รายการนี้ยังไม่มีแท็ก
คุณยังไม่ได้ล็อกอิน คุณสามารถมีกิจกรรมร่วมกับเว็บไซต์ได้ แต่ต้องล็อกอินก่อน ::
  ล็อกอิน

รายการสื่อสารสนเทศ

ลำดับที่ ประเภท เลขเรียก/บาร์โค้ด สถานที่ สถานะ
1. หนังสือสำรอง
หนังสือสำรอง
 ฉ.1 
  Barcode: 30183
ห้องสมุดวิทยาเขตนครสวรรค์
►หนังสือทั่วไป:l:General Books
บนชั้น
2. วิทยาศาสตร์การแพทย์ และสุขภาพ
วิทยาศาสตร์การแพทย์ และสุขภาพ
 ฉ.2 
  Barcode: 30184
ห้องสมุดวิทยาเขตนครสวรรค์
►หนังสือทั่วไป:l:General Books
บนชั้น

รายการใกล้เคียง
    หัวเรื่อง [โรคไต]
    หัวเรื่อง [โรคไต -- การดูแลรักษา]

BibComment


ยังไม่เคยถูกคอมเมนท์

คอมเมนท์ทรัพยากรรายการนี้
  คอมเมนท์: แนวทางการรักษาผู..


 Copyright 2026. Bcnsprnw @Library